Terres d'exil. La Production des territoires et des communautés rancheras /
Se discute sobre el ranchero y la sociedad ranchera en México
Salvato in:
| Autore principale: | |
|---|---|
| Natura: | testo |
| Soggetti: | |
| Tags: |
Aggiungi Tag
Nessun Tag, puoi essere il primo ad aggiungerne!!
|
MARC
| LEADER | 00000 a a2200000 04500 | ||
|---|---|---|---|
| 001 | 8978 | ||
| 003 | |||
| 040 | |||
| 100 | |a Linck, Thierry | ||
| 245 | |a Terres d'exil. La Production des territoires et des communautés rancheras / |c Thierry Linck | ||
| 520 | |a Se discute sobre el ranchero y la sociedad ranchera en México | ||
| 650 | |a IDENTIDAD NACIONAL | ||
| 650 | |a INTEGRIDAD REGIONAL | ||
| 650 | |a POBLACION INDIGENA | ||
| 650 | |a MARGINALIDAD | ||
| 650 | |a INTEGRACION SOCIAL | ||
| 650 | |a MEXICO | ||
| 773 | |g número 187; páginas 7-18 | ||
| 999 | |c 26487 |d 26487 | ||
